British Crisps - Statistics

General Stats
  • This quiz has been taken 501 times
    472 since last reset
  • The average score is 8 of 15
Answer Stats
Hint Answer % Correct
This brand has blue wrappers for cheese and onion and green wrappers for salt and vinegar Walkers
95%
These crisps and are shaped like claws of a monster. It's flavours include Roast Beef Monster Munch
91%
They're all crunchy, curly and melty, and pleasingly cheesy. They are made by Walkers Quavers
89%
They are cheese flavour corn puffs in a curly shapes Wotsits
75%
Crinkle-cut crisps made by KP snacks. Flavours include flame grilled stake McCOYS
68%
Produced by parent company KP snacks they are in the shape of short hollow cylinders Hula Hoops
62%
They are slim and slender, long and twisted. They include a countries name in it. French Fries
57%
These are more of a cracker based crisps and are very cheesy Mini Cheddars
56%
Have been around since 1971. Are in sticks shapes and come in salt and vinegar Chipsticks
51%
Are a wheat-based snack with a "distinctive knobbly shape".Yeast extract used in its coating Twiglets
39%
They are the only crisps that let you bite off the corners, or build little crisp houses Squares
33%
A 2 word crisp brand beginning with G and W was founded in 1947 Golden Wonders
20%
Are a crisp wheat snack which are suitable for vegetarians even the crispy bacon flavour Wheat Crunchies
19%
They are hand-cooked and owned by KP snacks Tyrells
14%
When you eat these you have to read the riddle which is on the back on the packet Skies
1%
No matching quizzes found
Score Distribution
Percent of People with Each Score
Percentile by Number Answered
Your Score History
You have not taken this quiz since the last reset